China : business and investment opportunities
This book provides information about economic conditions of China. The Special is business and investment opportunities in this the country
محفوظ في:
| المؤلف الرئيسي: | |
|---|---|
| التنسيق: | كتاب |
| اللغة: | Undetermined |
| منشور في: |
Singapore
Cassia Communications PTE
1993
|
| الموضوعات: | |
| الوسوم: |
إضافة وسم
لا توجد وسوم, كن أول من يضع وسما على هذه التسجيلة!
|
| Thư viện lưu trữ: | Trung tâm Học liệu Trường Đại học Cần Thơ |
|---|
| LEADER | 00719nam a2200217Ia 4500 | ||
|---|---|---|---|
| 001 | CTU_106983 | ||
| 008 | 210402s9999 xx 000 0 und d | ||
| 082 | |a 338.9 | ||
| 082 | |b L732 | ||
| 100 | |a Tang, Cheng Leong | ||
| 245 | 0 | |a China : | |
| 245 | 0 | |b business and investment opportunities | |
| 245 | 0 | |c Tang Cheng Leong, Terence T.S. Lim | |
| 260 | |a Singapore | ||
| 260 | |b Cassia Communications PTE | ||
| 260 | |c 1993 | ||
| 520 | |a This book provides information about economic conditions of China. The Special is business and investment opportunities in this the country | ||
| 650 | |a Economic conditions | ||
| 650 | |z China | ||
| 904 | |i Nguyên | ||
| 980 | |a Trung tâm Học liệu Trường Đại học Cần Thơ | ||